| 000 | 00862nam a22002295a 4500 | ||
|---|---|---|---|
| 003 | OSt | ||
| 005 | 20170409154338.0 | ||
| 008 | 170313s2016 ua frb 000 0 ara d | ||
| 015 | _a2015 / 2649 | ||
| 020 | _a9789770479759 | ||
| 040 |
_aEG-ScBUE _bara _cEG-ScBUE |
||
| 082 | 0 | 4 |
_a346.0664 _bع ل م _222 |
| 100 | 1 | _aعلم الدين، سلامة عبد الصانع أمين. | |
| 245 | 1 | 2 |
_aالالتزام بالإفصاح والشفافية كأحد معاييبر حوكمة الشركات / _cسلامة عبد الصانع أمين علم الدين. |
| 260 |
_aالقاهرة : _bدار النهضة العربية، _c2016. |
||
| 300 |
_a204 ص. ؛ _c24 سم. |
||
| 504 | _aيشتمل على إرجاعات ببليوجرافية. | ||
| 650 | 7 |
_aحوكمة الشركات. _2BUEsh |
|
| 651 | _2BUEsh | ||
| 653 |
_bLLAAWW _cApril2017 |
||
| 942 | _2ddc | ||
| 999 |
_c24634 _d24606 |
||